Catálogo
 En Linea

El oficio de la palabra / (Registro nro. 14251)

Detalles MARC
000 -CABECERA
campo de control de longitud fija 02630nam a2200361 a 4500
001 - NÚMERO DE CONTROL
campo de control 000014667
003 - IDENTIFICADOR DEL NÚMERO DE CONTROL
campo de control OSt
005 - FECHA Y HORA DE LA ÚLTIMA TRANSACCIÓN
campo de control 20260429135248.0
008 - DATOS DE LONGITUD FIJA--INFORMACIÓN GENERAL
campo de control de longitud fija 100118t2007 dr c 001 mdspa d
020 ## - NÚMERO INTERNACIONAL ESTÁNDAR DEL LIBRO
Número Internacional Estándar del Libro 9789945421262
040 ## - FUENTE DE LA CATALOGACIÓN
Centro catalogador/agencia de origen DO-SdBNP
Lengua de catalogación spa
Centro/agencia transcriptor BNPHU
049 ## - FONDOS LOCALES (OCLC)
Fondos de biblioteca BNPD
082 ## - NÚMERO DE LA CLASIFICACIÓN DECIMAL DEWEY
Número de clasificación RD868.44
Número de documento/Ítem L296o, 2007
100 1# - ENTRADA PRINCIPAL--NOMBRE DE PERSONA
Nombre de persona Lantigua, José Rafael,
Fechas asociadas al nombre 1949-
9 (RLIN) 1438
245 13 - MENCIÓN DE TÍTULO
Título El oficio de la palabra /
Mención de responsabilidad, etc. José Rafael Lantigua.
250 ## - MENCIÓN DE EDICIÓN
Mención de edición 2ª ed.
260 ## - PUBLICACIÓN, DISTRIBUCIÓN, ETC.
Lugar de publicación, distribución, etc. Santo Domingo :
Nombre del editor, distribuidor, etc. Amigo del Hogar,
Fecha de publicación, distribución, etc. 2007.
300 ## - DESCRIPCIÓN FÍSICA
Extensión 237 p. :
Otras características físicas retrs. ;
Dimensiones 23 cm.
500 ## - NOTA GENERAL
Nota general Incluye datos biográficos del autor en la solapa de la cubierta.
500 ## - NOTA GENERAL
Nota general Incluye notas biobibliográficas de los autores entrevistados.
500 ## - NOTA GENERAL
Nota general Compilación de entrevistas realizadas por el autor en la sección literaria "Biblioteca" del diario Última Hora.
505 0# - NOTA DE CONTENIDO CON FORMATO
Información miscelánea Introducción --
Título Los mejores intelectuales se forman en el exterior /
Mención de responsabilidad Diógenes Céspedes --
Título El cuentista nace siendo cuentista /
Mención de responsabilidad Virgilio Díaz Grullón --
Título La revolución poética debe ser radical /
Mención de responsabilidad José Mármol
Título "En literatura, como en boxeo, hay de todos los pesos" /
Mención de responsabilidad Plinio Apuleyo Mendoza --
Título "He leído El Quijote 21 veces" /
Mención de responsabilidad Juan Bosch --
Título "La literatura es selección y la mejor antología la hace el tiempo" /
Mención de responsabilidad Mateo Morrison --
Título "No olvides que siempre estamos llegando a Pénjamo" /
Mención de responsabilidad Enriquillo Sánchez --
Título "Soy apenas un pastor que va despertando ovejas dormidas" /
Mención de responsabilidad René Rodríguez Soriano --
Título Antes que libro mi obra fue una novela oral /
Mención de responsabilidad Viriato Sención --
Título La literatura está llena de coartadas /
Mención de responsabilidad Andrés L. Mateo --
Título Este mundo no sabe de poesía, pero le teme /
Mención de responsabilidad Oded Sverdlik --
Título La poesía es una flor, la novela es un pulpo /
Mención de responsabilidad Marcio Veloz Maggiolo --
Título Ha sido la voz de los que no tienen voz /
Mención de responsabilidad Miguel Barnet --
Título Fidel leía sobre política, nada de literatura y nunca versos /
Mención de responsabilidad Jose Pardo LLada --
Título No existe una literatura dominicana en New York /
Mención de responsabilidad José Carvajal --
Título F(r)icciones y confesiones /
Mención de responsabilidad Alexis Gómez Rosa --
Título El amor es tan subversivo como la poesía /
-- Soledad Álvarez --
Información miscelánea Notas bibliográficas --
-- Apéndice.
650 #4 - PUNTO DE ACCESO ADICIONAL DE MATERIA--TÉRMINO DE MATERIA
Término de materia o nombre geográfico como elemento de entrada Autores latinoamericanos
Subdivisión general Entrevistas
9 (RLIN) 22867
650 #4 - PUNTO DE ACCESO ADICIONAL DE MATERIA--TÉRMINO DE MATERIA
Término de materia o nombre geográfico como elemento de entrada Autores dominicanos
Subdivisión general Entrevistas
9 (RLIN) 22868
650 #0 - PUNTO DE ACCESO ADICIONAL DE MATERIA--TÉRMINO DE MATERIA
Término de materia o nombre geográfico como elemento de entrada Literatura
Subdivisión general Historia y crítica
9 (RLIN) 835
650 #4 - PUNTO DE ACCESO ADICIONAL DE MATERIA--TÉRMINO DE MATERIA
Término de materia o nombre geográfico como elemento de entrada Autores en literatura
9 (RLIN) 22864
650 #0 - PUNTO DE ACCESO ADICIONAL DE MATERIA--TÉRMINO DE MATERIA
Término de materia o nombre geográfico como elemento de entrada Literatura dominicana.
9 (RLIN) 67
650 #0 - PUNTO DE ACCESO ADICIONAL DE MATERIA--TÉRMINO DE MATERIA
Término de materia o nombre geográfico como elemento de entrada Literatura
Subdivisión general Historia y crítica
9 (RLIN) 835
650 #4 - PUNTO DE ACCESO ADICIONAL DE MATERIA--TÉRMINO DE MATERIA
Término de materia o nombre geográfico como elemento de entrada Diarios dominicanos
Subdivisión general Secciones, columnas, etc.
9 (RLIN) 44
730 0# - PUNTO DE ACCESO ADICIONAL--TÍTULO UNIFORME
Título uniforme Última Hora (República Dominicana)
9 (RLIN) 20930
910 ## - DATOS DE OPCIÓN DEL USUARIO (OCLC)
Datos de opción del usuario Validado. Control de calidad EMS.
942 ## - ELEMENTOS DE PUNTO DE ACCESO ADICIONAL (KOHA)
Fuente del sistema de clasificación o colocación Dewey Decimal Classification
Tipo de ítem Koha Libro
Existencias
Estado de retiro Estado de pérdida Fuente del sistema de clasificación o colocación Restricciones de uso No para préstamo Código de colección Localización permanente Ubicación/localización actual Ubicación en estantería Fecha de adquisición Número de inventario Total de préstamos Signatura topográfica completa Código de barras Fecha visto por última vez Número de copia Precio válido a partir de Tipo de ítem Koha
    Dewey Decimal Classification     Dominicana de Servicio General General Depósito 18.01.2010 LF1   RD868.44 L296o, 2007 14667-30 25.06.2020 e. 3 25.06.2020 Libro y Folleto Colección Dominicana de Servicio
          Dominicana de Servicio General General Depósito 18.01.2010 LF1   RD868.44 L296o, 2007 14667-40 25.06.2020 e. 4 25.06.2020 Libro y Folleto Colección Dominicana de Servicio
          Dominicana de Servicio General General Depósito 18.01.2010 LF1   RD868.44 L296o, 2007 14667-50 25.06.2020 e. 5 25.06.2020 Libro y Folleto Colección Dominicana de Servicio
        Excluido de préstamo Patrimonio Dominicano Patrimonio Dominicano Patrimonio Dominicano Depósito 18.01.2010 LF1   RD868.44 L296o, 2007 14667-10 25.06.2020   25.06.2020 Libro y Folleto Colección Patrimonio Dominicano
        Excluido de préstamo Patrimonio Dominicano Patrimonio Dominicano Patrimonio Dominicano Depósito 18.01.2010 LF1   RD868.44 L296o, 2007 14667-20 25.06.2020 e. 2 25.06.2020 Libro y Folleto Colección Patrimonio Dominicano

Con tecnología Koha